Entry Personal Name
Number of records used in: 1
001 - CONTROL NUMBER
003 - CONTROL NUMBER IDENTIFIER
005 - DATE AND TIME OF LATEST TRANSACTION
- control field:
20220127123852.0
008 - FIXED-LENGTH DATA ELEMENTS
- fixed length control field:
871005n| acannaab| |a aaa ||| b
010 ## - LIBRARY OF CONGRESS CONTROL NUMBER
- LC control number:
n 87885275
040 ## - CATALOGING SOURCE
- Original cataloging agency:
DNLM
- Transcribing agency:
DLC
100 10 - HEADING--PERSONAL NAME
- Personal name:
Boorman, Kathleen E.
- Fuller form of name:
(Kathleen Ethel)
400 10 - SEE FROM TRACING--PERSONAL NAME
- Control subfield:
nnaa
- Personal name:
Boorman, Kathleen E.
670 ## - SOURCE DATA FOUND
- Source citation:
Her Blood group serology, 1988:
- Information found:
CIP t.p. (Kathleen E. Boorman, CBiol, MIBiol; formerly principal scientific officer, So. London Blood Transfusion Centre, Tooting, London)
670 ## - SOURCE DATA FOUND
- Source citation:
LC data base, 9/28/87
- Information found:
(hdg.: Boorman, Kathleen E.)
670 ## - SOURCE DATA FOUND
- Source citation:
NLM files, 9/28/87
- Information found:
(hdg.: Boorman, Kathleen E. (Kathleen Ethel); usage: Kathleen E. Boorman)